Analýza únavovej životnosti výškovo nastaviteľného prívesu

Gespeichert in:
Bibliographische Detailangaben
1. Verfasser: Poláček, Ondrej (Verfasst von)
Weitere Verfasser: Chmelko, Vladimír (Betreuung Doktorarbeit)
Format: Manuskript Buch
Sprache:Slowakisch
Veröffentlicht: 2015
Schlagworte:
Online-Zugang:http://is.stuba.sk/zp/portal_zp.pl?podrobnosti=112891
Tags: Tag hinzufügen
Keine Tags, Fügen Sie das erste Tag hinzu!

MARC

LEADER 00000ntm a22000003a 4500
001 stuzp53792
003 SK-STU
005 20160719154554.5
007 ta
008 150427s2015----xo-----f-mn---000-0-slo-d
040 |a STU  |b slo 
041 0 |a slo 
100 1 |a Poláček, Ondrej  |u 020010  |4 aut  |U SjF Strojnícka fakulta  |T SjF Ústav aplikovanej mechaniky a mechatroniky  |X 69021  |U J0010  |Y 801  |7 A000069021 
242 0 1 |a Fatigue analysis of height adjustable trail car  |y eng 
245 1 0 |a Analýza únavovej životnosti výškovo nastaviteľného prívesu 
260 |c 2015 
650 4 |a cyklické zaťaženie  |2 slo 
650 4 |a životnosť  |2 slo 
650 4 |a únavový lom  |2 slo 
650 4 |a cyclic load  |2 eng 
650 4 |a fatigue fracture  |2 eng 
650 4 |a fatigue  |2 eng 
700 1 |a Chmelko, Vladimír  |4 ths  |X 2396  |7 A000002396 
856 4 |u http://is.stuba.sk/zp/portal_zp.pl?podrobnosti=112891 
SQL |a stuzp53792  |b DDP  |c SLO  |d Analýza únavovej životnosti výškovo nastaviteľného prívesu  |e 69021  |f Poláček, Ondrej  |g 020010  |h 2396  |i Chmelko, Vladimír  |j 20150619  |k 49  |l 02  |m http://is.stuba.sk/zp/portal_zp.pl?podrobnosti=112891  |n I-APLM  |o 5.1.7. aplikovaná mechanika